LEADER 00939nam a2200229 4500 001 000000346760 003 CaOOAMICUS 005 20210623104341.0 008 210623s1973 it a 000 u ita r 040 $aSeMil$bita 100 1 $aMasina, Ettore,$d<1928-2017>.$0(OLS)http://semarc/name/89249 245 10$aQuando io grido a te /$cEttore Masina ; fotografie di Calogero Cascio. 264 1$aRoma :$bCoines,$c1973. 300 $a206 p. :$bill. ;$c30 cm 650 4$aReligioni nella fotografia.$0(OLS)http://semarc/subject/35093 650 4$aPreghiera - Meditazioni.$0(OLS)http://semarc/subject/1470 700 1 $aCascio, Calogero.$0(OLS)http://semarc/name/63532 850 $aSeMil 852 $aSeMil$W1$xVenegono$y1$m2R VI 422$j227284$B237838$CSeMilBibl$Z2$F237838 $81 996 $6245$aQuando io grido a te$9(OLS)http://semarc/title/435986 996 $6264$aRoma :$bCoines$9(OLS)http://semarc/publisher/31506 LEADER 01012nam a2200229 i 4500 001 000000076515 003 CaOOAMICUS 005 20250227121712.0 008 100930s1995 it u000 u ita u 020 $a88-399-0098-5 040 $aSeMil$bita 245 00$a2: Dottrina della grazia, ecclesiologia, mariologia, dottrina dei sacramenti, escatologia, dottrina trinitaria. 260 $aBrescia :$bQueriniana,$c1995. 300 $a744 p. ;$c24 cm. 773 0 $tNuovo corso di dogmatica.$bEd. italiana$dBrescia : Queriniana, 1995.$g2$w()3370 850 $aSeMil 852 $aSeMil$W1$xVenegono$y1$m2WA E 25$j254783$B42667$CSeMilBibl$Z2$F42931 $81 961 $aAcquisto: Queriniana 996 $6020$a88-399-0098-5$9(OLS)http://semarc/number/57435 996 $6245$a2: Dottrina della grazia, ecclesiologia, mariologia, dottrina dei sacramenti, escatologia, dottrina trinitaria$9(OLS)http://semarc/title/124042 996 $6260$aBrescia :$bQueriniana$9(OLS)http://semarc/publisher/29615